Краткие очерки по истории евреев. Вып. 3: 1. Царь Давид | 2. Царь Соломон (Запись № 6723228)

Подробности
000 -МАРКЕР
контрольное поле 01585nam2a22003131 4500
001 - ИДЕНТИФИКАТОР ЗАПИСИ
контрольное поле v19\rc\1949029
005 - ИДЕНТИФИКАТОР ВЕРСИИ
контрольное поле 20251118180911.9
035 ## - ДРУГИЕ СИСТЕМНЫЕ НОМЕРА
Идентификатор записи (NLR Aleph) 005034173
100 ## - ДАННЫЕ ОБЩЕЙ ОБРАБОТКИ
Данные общей обработки 20080428d1913 u y0rusy50 ca
101 0# - ЯЗЫК РЕСУРСА
Язык текста, звукозаписи и т.д. русский
102 ## - СТРАНА ПУБЛИКАЦИИ ИЛИ ПРОИЗВОДСТВА
Страна публикации Российская Федерация
105 ## - ПОЛЕ КОДИРОВАННЫХ ДАННЫХ: ТЕКСТОВЫЕ МАТЕРИАЛЫ, МОНОГРАФИЧЕСКИЕ
Кодированные данные о монографическом текстовом документе y z |||||
200 1# - ЗАГЛАВИЕ И СВЕДЕНИЯ ОБ ОТВЕТСТВЕННОСТИ
Основное заглавие 1. Царь Давид
Сведения, относящиеся к заглавию [В первой половине X в. до хр. эры]
Основное заглавие 2. Царь Соломон
210 ## - ПУБЛИКАЦИЯ, РАСПРОСТРАНЕНИЕ И ДР.
Дата издания, распространения и т.д. 1913
215 ## - ФИЗИЧЕСКАЯ ХАРАКТЕРИСТИКА
Специфическое обозначение материала и объем 15 с.
461 #0 - УРОВЕНЬ НАБОРА
Встроенное поле 001v19\rc\1949026
-- 2001#$aКраткие очерки по истории евреев$eПособие для юношества при изуч. евр. истории в шк. и дома. Сер. 1. Вып. 1-$fМ.И. Каплан$vВып. 3
-- 700#1$aКаплан$bМ.И.
Системный номер (АБИС) связанной записи 6723202
Автор Каплан, М.И.
Место публикации Переяслав
Дата публикации 1913
Первые сведения об ответственности М.И. Каплан
Имя издателя, распространителя и т.д. тип. Шефтеля и Геронимуса
Сведения, относящиеся к заглавию Пособие для юношества при изуч. евр. истории в шк. и дома. Сер. 1. Вып. 1-
Заглавие Краткие очерки по истории евреев
Номер тома Вып. 3
517 0# - ДРУГИЕ ВАРИАНТЫ ЗАГЛАВИЯ
Вариант заглавия Царь Давид
517 0# - ДРУГИЕ ВАРИАНТЫ ЗАГЛАВИЯ
Вариант заглавия Царь Соломон
702 #0 - ИМЯ ЛИЦА - ВТОРИЧНАЯ ОТВЕТСТВЕННОСТЬ
Начальный элемент ввода Давид
Дополнения к именам, кроме дат царь Израильско-Иудейский
Даты 11-10 в. до н. э.
Код отношения Прочие
702 #0 - ИМЯ ЛИЦА - ВТОРИЧНАЯ ОТВЕТСТВЕННОСТЬ
Начальный элемент ввода Соломон
Дополнения к именам, кроме дат царь Израильско-Иудейский
Даты 10 в. до н. э.
Код отношения Прочие
801 #0 - ИСТОЧНИК ЗАПИСИ
Страна Российская Федерация
Организация NLR
Правила каталогизации psbo
801 #0 - ИСТОЧНИК ЗАПИСИ
Страна Российская Федерация
Организация RuMoRGB
Источник данных psbo
801 #1 - ИСТОЧНИК ЗАПИСИ
Страна Российская Федерация
Организация ProSoft-M
Источник данных rusmarc
852 ## - МЕСТОНАХОЖДЕНИЕ И ШИФР ХРАНЕНИЯ
Идентификатор организации NLR
Шифр хранения (Call Number) 37.53.7.106
899 ## - ДАННЫЕ О МЕСТОНАХОЖДЕНИИ (устаревшее)
Местонахождение RuMoRGB
Шифр хранения P 45/60
899 ## - ДАННЫЕ О МЕСТОНАХОЖДЕНИИ (устаревшее)
Местонахождение БАН
942 ## - ДОПОЛНИТЕЛЬНЫЕ ЭЛЕМЕНТЫ ЗАПИСИ (АБИС)
Тип экземпляра АБИС Книга
980 ## - КОЛЛЕКЦИЯ
Название коллекции Национальная библиография
Экземпляры
Тип экземпляра Дата поступления Библиотека постоянного хранения Библиотека текущего хранения Место хранения Шифр хранения Штрих-код Статус экземпляра
Книга 26.10.2013 РНБ (Московский) РНБ (Московский) Неопределен, для заказа не доступен, в ЭК виден   5034173-30  
Книга 26.10.2013 РНБ (Садовая) РНБ (Садовая) Русский книжный фонд -Главное здание, Ленинский читальный зал 37.53.7.106 5034173-10